| 000 | 00607nam a22001937a 4500 | ||
|---|---|---|---|
| 003 | SISC | ||
| 005 | 20160223123129.0 | ||
| 008 | 130122t xxu||||| |||| 00| 0 eng d | ||
| 020 | _a0321437268 | ||
| 050 |
_aQA 152.2 _b.L5 2000 |
||
| 082 |
_aHS 512.9 _bL613 2000 |
||
| 100 |
_aLial, Margaret L. _912354 |
||
| 245 |
_aBeginning algebra / _cMargaret L. Lial, John Hornsby, Terry McGinnis. |
||
| 260 |
_aBoston, Mass ` _bPearson _c2008 |
||
| 300 |
_a686 p.; _c26 cm. _bill. some col. ; |
||
| 650 |
_aAlgebra _911545 |
||
| 942 |
_2lcc _cBK |
||
| 999 |
_c10355 _d10355 |
||